Za vyšší efektivitu vyučování a učení (příspěvek k modernizaci výchovně vzdělávací práce na středních zdravotnických školách) /

Hlavní autor: Hališka, Jaromír, 1933-
Korporativní autor: Československo. Ministerstvo zdravotnictví
Jazyk: Čeština
Vydáno: Brno : Institut pro další vzdělávání středních zdravotnických pracovníků, 1988
Vydání: 1. vyd.
Témata:
Fyzický popis: 87 s.
Knihy
Uloženo v:
LEADER 01161nam a22003012a 4500
001 000875799
003 CZ BrMZK
005 20071119082129.0
007 ta
008 071119s1988 xr er|||||||||||cze d
040 |a BOA001  |b cze 
080 9 |a 377.5 
080 9 |a 61 
080 9 |a 37.02.001.76 
100 1 |a Hališka, Jaromír,  |d 1933-  |7 mzk2008443019  |4 aut 
245 1 0 |a Za vyšší efektivitu vyučování a učení (příspěvek k modernizaci výchovně vzdělávací práce na středních zdravotnických školách) /  |c Jaromír Hališka 
246 1 4 |a Za vyšší efektivitu vyučování 
250 |a 1. vyd. 
260 |a Brno :  |b Institut pro další vzdělávání středních zdravotnických pracovníků,  |c 1988 
300 |a 87 s. 
504 |a Obsahuje bibliografii 
550 |a Vydavatel: Ministerstvo zdravotnictví ČSR v Praze 
710 1 |a Československo.  |b Ministerstvo zdravotnictví  |7 nlk20040156125 
910 |a BOA001  |b 4-0937.535 
964 |a Školy zdravotnické střední - didaktiky - zlepšování 
990 |a BK 
991 |b 200711 
996 6 |b BC-495875  |c 4-0937.535  |l MZK  |r Sklad / do 1 hodiny  |n 0  |w 000875799  |u 000010  |a 1  |e BOA001  |j MZK50  |s P